A new method for learning to play the transverse flute /

Bibliographic Details
Main Author: Mahaut, Antoine
Other Authors: Hadidian, Eileen
Format: Book
Language:English
Published: Bloomington : Indiana University Press, [1989]
Series:Publications of the Early Music Institute.
Subjects:

MARC

Tag First Indicator Second Indicator Subfields
LEADER 00000cam a2200000 a 4500
001 in00002467607
005 20151110133133.0
008 880817s1989 inug b s000 0 eng
010 |a  88045497  
020 |a 0253204992 (pbk.) 
020 |a 9780253204998 (pbk.) 
029 1 |a YDXCP  |b 141906 
029 1 |a NZ1  |b 3700300 
029 1 |a AU@  |b 000006012632 
035 |a (OCoLC)ocm18256649 
035 |a (OCoLC)18256649 
040 |a DLC  |c DLC  |d BTCTA  |d YDXCP  |d TXA  |d UtOrBLW 
041 1 |a eng  |h fre 
049 |a TXAM 
050 0 0 |a MT342  |b .M2213 1989 
082 0 0 |a 788/.51/0712  |2 19 
100 1 |a Mahaut, Antoine. 
240 1 0 |a Nieuwe manier om binnen korten tijd op de dwarsfluit te leeren speelen.  |l English 
245 1 2 |a A new method for learning to play the transverse flute /  |c by Antoine Mahaut ; translated and edited by Eileen Hadidian. 
264 1 |a Bloomington :  |b Indiana University Press,  |c [1989] 
264 4 |c ©1989 
300 |a xii, 73 pages :  |b music ;  |c 22 x 28 cm. 
336 |a text  |b txt  |2 rdacontent 
337 |a unmediated  |b n  |2 rdamedia 
338 |a volume  |b nc  |2 rdacarrier 
490 1 |a Publications of the Early Music Institute 
490 0 |a A Midland book ;  |v MB499 
500 |a Translation of the French edition of Nieuwe manier om binnen korten tijd op de dwarsfluit te leeren speelen published: Nouvelle méthode pour apprendre en peu de tems à jouer de la flûte traversière. Paris : Chez M. De Lachevardière, 1759. 
500 |a Musical portions reproduced from the 1759 French edition which contains 3 pieces in tablature for solo flute and various pieces for 2 flutes (violins, treble viols) not included in the Dutch edition. 
504 |a Bibliography: page 73. 
650 0 |a Flute  |v Methods  |v Early works to 1800. 
650 0 |a Flute music (Flutes (2))  |v Scores. 
700 1 |a Hadidian, Eileen. 
740 0 |a Nouvelle méthode pour apprendre en peu de tems à jouer de la flûte traversière. 
740 0 |a Nouvelle méthode pour apprendre en peu de temps à jouer de la flûte traversière. 
830 0 |a Publications of the Early Music Institute. 
938 |a Baker and Taylor  |b BTCP  |n 88045497 
938 |a YBP Library Services  |b YANK  |n 141906 
948 |a cataloged  |b h  |c 2009/6/17  |d c  |e jgreene  |f 3:34:16 pm 
994 |a C0  |b TXA 
999 |a MARS 
999 f f |s 79584ec2-ff4a-3967-8ff9-f62522d04aaa  |i b0a7cc79-a0e5-32a6-9fd2-13c9e44384c8  |t 0 
952 f f |p normal  |a Texas A&M University  |b College Station  |c Sterling C. Evans Library  |d Evans: Library Stacks  |t 0  |e MT342 .M2213 1989  |h Library of Congress classification  |i unmediated -- volume  |m A14834346427 
998 f f |a MT342 .M2213 1989  |t 0  |l Evans: Library Stacks